000 00393nam a22001457a 4500
005 20200710134700.0
008 200710b xxu||||| |||| 00| 0 eng d
082 _a345.4005 BHA-I
100 _aBHATT, VIJAY
_96284
245 _aINDIAN BAR REVIEW [Vol.XLIII (2)2016 ,APRIL TO JUNE)
260 _aNEW DELHI
_bBAR COUNCIAL OF INDIA
_c2016
300 _a210p.
650 _aLAW
_95701
942 _cJRL
999 _c7417
_d7415